Croatian-Yugoslav 1980s Music Quiz: Name the Artist - Statistics

General Stats
  • This quiz has been taken 46 times
  • The average score is 15 of 30
Answer Stats
Song Release Date Artist % Correct
Marina 1989 Prljavo Kazalište
87%
Ti si mi u mislima 1989 Dino Dvornik
84%
Za dobra stara vremena 1986 Novi Fosili
84%
Frida 1988 Psihomodo Pop
81%
Ena 1985 Haustor
77%
Srce na cesti 1987 Jura Stublić & Film
77%
Oko moje sanjivo 1985 Magazin
77%
Ča je život vengo fantažija 1981 Oliver Dragojević
77%
Soba 23 1985 Denis & Denis
74%
Stojin na kantunu 1987 Đavoli
68%
Stranac u noći 1987 Massimo
65%
Obična ljubavna pjesma 1982 Aerodrom
61%
Teška vremena, prijatelju moj 1986 Neki To Vole Vruće
61%
Neda 1981 Parni Valjak
58%
Nikoga nisam volio tako 1981 Mišo Kovač
55%
Treba imat dušu 1982 Atomsko Sklonište
52%
Filigranski pločnici 1982 Azra
48%
Tako lijepa 1983 Boa
42%
Da mi je biti morski pas! 1980 Metak
39%
Stvari lagane 1988 Tutti Frutti Band
39%
Troje 1984 Xenia
35%
Lagano umirem (U tvome sjećanju) 1988 ITD Band
29%
Vino na usnama 1988 Vlado Kalember
29%
Ne vjerujem tvojim usnama 1989 Boris Novković i Noćna Straža
26%
Piši mi 1982 Drugi Način
23%
Ima jedan svijet 1982 Stijene
23%
Dao sam ti dušu 1989 Alen Slavica
19%
Opilo me vino 1989 Doris Dragović
19%
Glasno, glasnije 1987 Osmi Putnik
13%
Noć od kristala 1987 Tajči
13%
No matching quizzes found
Score Distribution
Percent of People with Each Score
Percentile by Number Answered
Your Score History
You have not taken this quiz